000
00274nam a2200121Ia 4500
008
241002s9999 xx 000 0 und d
082
_a
297.1 SHA
100
_a
Shaban, M.A
245
0
_a
Islamic History AD 600 700
260
_a
N/A
_c
N/A
600
_a
Religion
942
_c
UC
999
_c
18341
_d
18341